[Event "Online Olym Div4 E 2020"]
[Site "chess.com INT"]
[Date "2020.07.31"]
[Round "2.2"]
[Board "1"]
[White "Espirito Santo, Waldyr"]
[Black "Khan, Taffin"]
[Result "1/2-1/2"]
[BlackTitle "CM"]
[WhiteElo "1914"]
[BlackElo "1999"]
[WhiteTeam "Sao Tome & Principe"]
[BlackTeam "Guyana"]
[WhiteFideId "16900049"]
[BlackFideId "19700024"]
[EventDate "2020.07.31"]
[EventType "team"]

1. e4 d6 2. d3 Nf6 3. Nf3 e5 4. g3 c5 5. Bg2 Nc6 6. c3 Be7 7. O-O O-O 8. h3 Be6
9. Nbd2 Ne8 10. Qe2 g6 11. Nc4 b5 12. Ne3 Ng7 13. Nd5 Rc8 14. Bh6 f5 15. Nxe7+
Qxe7 16. Ng5 f4 17. Nxe6 Qxe6 18. Kh2 Qf6 19. Bf3 g5 20. Bxg7 Kxg7 21. Bg4 Rc7
22. Qf3 Kh8 23. Kg2 Rg7 24. Rh1 Rgf7 25. Raf1 b4 26. Bh5 Rg7 27. Bg4 Qe7 28. Bf5
Qf7 29. Bg4 Ne7 30. h4 Qf6 31. hxg5 Qxg5 32. Rh4 Ng6 33. Rh5 Qe7 34. Bf5 Nh4+
35. Rxh4 Qxh4 36. Rh1 Qf6 37. Qh5 Rff7 38. cxb4 cxb4 39. Rc1 Rf8 40. Rc6 fxg3
41. fxg3 Rfg8 42. g4 Qg5 43. Qxg5 Rxg5 44. Rc7 R5g7 45. Rc6 Rd8 46. Kf3 Rb7 47.
b3 Kg7 48. g5 Kf8 49. Kg4 Rg7 50. Kh5 Kg8 51. Kh6 Kh8 52. g6 hxg6 53. Bxg6 Kg8
54. Kg5 Kf8 55. Kf6 Rxg6+ 56. Kxg6 Ke7 57. Rc7+ Rd7 58. Rxd7+ Kxd7 59. Kf6 Kd8
60. Ke6 Kc7 61. Ke7 Kc6 62. Ke6 a5 63. Kf5 Kc5 64. Ke6 Kc6 65. Kf5 Kc5 66. Ke6
Kc6 1/2-1/2

[Event "Online Olym Div4 E 2020"]
[Site "chess.com INT"]
[Date "2020.07.31"]
[Round "2.2"]
[Board "2"]
[White "Drayton, Anthony"]
[Black "Costa, Alexander Gentil"]
[Result "1/2-1/2"]
[WhiteTitle "FM"]
[WhiteElo "1981"]
[BlackElo "1738"]
[WhiteTeam "Guyana"]
[BlackTeam "Sao Tome & Principe"]
[WhiteFideId "19700261"]
[BlackFideId "20802544"]
[EventDate "2020.07.31"]
[EventType "team"]

1. d4 c5 2. c3 e6 3. Nf3 d5 4. g3 Nf6 5. Bg2 c4 6. b3 cxb3 7. axb3 Bd6 8. O-O
O-O 9. c4 dxc4 10. bxc4 Nc6 11. Nc3 Bb8 12. Bb2 a6 13. e3 Ba7 14. Qe2 Rb8 15.
Rfd1 Qc7 16. Rac1 b6 17. d5 Na5 18. Nb1 Ne4 19. Ne5 Nc5 20. d6 Qd8 21. Qg4 f6
22. Nc6 Nxc6 23. Bxc6 Bb7 24. Bxb7 Rxb7 25. Ba3 Qd7 26. Nc3 e5 27. Qxd7 Rxd7 28.
Nd5 Kf7 29. Nc7 a5 30. Nb5 Bb8 31. Bxc5 bxc5 32. Rd5 Rfd8 33. Rxc5 Bxd6 34.
Nxd6+ Rxd6 35. Rxa5 Rd1+ 36. Rxd1 Rxd1+ 37. Kg2 Rc1 38. Ra7+ Kg6 39. Rc7 h6 40.
Kf3 f5 41. c5 Rc2 42. h4 e4+ 43. Kg2 Kf6 44. Kf1 Kg6 45. Ke1 Kf6 46. c6 Kg6 47.
Rc8 Kh5 48. c7 Kg4 49. h5 Kxh5 50. Rf8 Rxc7 51. Rxf5+ Kg6 52. Re5 Rc4 53. Kf1
Kf6 54. Re8 h5 55. Kg2 Kf5 56. Kh3 g6 57. Kh4 Rc1 58. Rf8+ Ke6 59. Kg5 Ke7 60.
Rf4 Rc6 61. Rxe4+ Kf7 62. Kh6 Rf6 63. Rf4 Rxf4 64. exf4 Kf6 65. f3 Kf5 66. Kg7
g5 67. fxg5 Kxg5 68. f4+ Kg4 69. Kg6 Kxg3 70. f5 h4 71. f6 h3 72. f7 h2 73. f8=Q
h1=Q 74. Qd6+ Kf2 75. Qd2+ Kg3 76. Qg5+ Kf2 1/2-1/2

[Event "Online Olym Div4 E 2020"]
[Site "chess.com INT"]
[Date "2020.07.31"]
[Round "3.3"]
[Board "5"]
[White "Mc Intosh, Isaiah"]
[Black "Antonio, Kyell-Jean"]
[Result "1-0"]
[WhiteTitle "FM"]
[WhiteElo "2232"]
[BlackElo "1432"]
[WhiteTeam "Trinidad & Tobago"]
[BlackTeam "Aruba"]
[WhiteFideId "7703791"]
[BlackFideId "15900746"]
[EventDate "2020.07.31"]
[EventType "team"]

1. e4 e5 2. Nf3 Nc6 3. Bb5 a6 4. Ba4 b5 5. Bb3 Nf6 6. O-O Bb7 7. d3 Bc5 8. Nc3
d6 9. a3 O-O 10. Bg5 h6 11. Bh4 Nb8 12. Ne2 Bb6 13. Ng3 Nbd7 14. Nf5 Re8 15. Qd2
Qc8 16. Nxh6+ gxh6 17. Qxh6 Nh7 18. Bxf7+ Kh8 19. Ng5 Nf8 20. Nxh7 Nxh7 21. Bf6# 1-0

[Event "Online Olym Div4 E 2020"]
[Site "chess.com INT"]
[Date "2020.08.01"]
[Round "4.3"]
[Board "2"]
[White "Meusa, Wendell"]
[Black "Croes, Octavio"]
[Result "1-0"]
[WhiteTitle "CM"]
[BlackTitle "CM"]
[WhiteElo "1987"]
[BlackElo "1801"]
[WhiteTeam "Guyana"]
[BlackTeam "Aruba"]
[WhiteFideId "11100702"]
[BlackFideId "1007220"]
[EventDate "2020.07.31"]
[EventType "team"]

1. e4 c5 2. Nc3 d6 3. g3 g6 4. d3 Bg7 5. Be3 Nc6 6. Qd2 e6 7. Bg2 Nge7 8. Bh6
O-O 9. h4 d5 10. h5 d4 11. Bxg7 Kxg7 12. hxg6 Nxg6 13. Qh6+ Kf6 14. e5+ Nxe5 15.
Ne4+ Ke7 16. Qg5+ f6 17. Rxh7+ Rf7 18. Qxf6+ Ke8 19. Rxf7 Nxf7 20. Qxg6 Qe7 21.
Nf3 Kd7 22. Qxf7 Qxf7 23. Ne5+ Ke7 24. Nxf7 Kxf7 25. Nxc5 Rb8 26. f4 b6 27. Nb3
Kf6 28. Nxd4 Bd7 29. Kd2 Rg8 30. Ne2 Kf5 31. Rh1 Be8 32. Rh7 a5 33. Rb7 b5 34.
Ra7 a4 35. a3 Rh8 36. Be4+ Kf6 37. g4 e5 38. g5+ Ke6 39. f5+ Kd6 40. g6 Rg8 41.
b4 axb3 42. cxb3 Kc5 43. b4+ Kd6 44. Nc3 Bd7 45. Rxd7+ Kxd7 46. f6 Rh8 47. Nxb5
Rh2+ 48. Kc3 Rh3 49. f7 Ke7 50. a4 Rg3 51. a5 Kf8 52. a6 Rg1 53. a7 Ra1 54.
a8=Q+ Rxa8 55. Bxa8 Kg7 56. Be4 1-0

[Event "Online Olym Div4 E 2020"]
[Site "chess.com INT"]
[Date "2020.08.01"]
[Round "4.4"]
[Board "2"]
[White "Harper, Ryan"]
[Black "Ortiz, Marcos"]
[Result "1/2-1/2"]
[WhiteTitle "FM"]
[WhiteElo "2189"]
[BlackElo "2191"]
[WhiteTeam "Trinidad & Tobago"]
[BlackTeam "Nicaragua"]
[WhiteFideId "7700156"]
[BlackFideId "6100678"]
[EventDate "2020.07.31"]
[EventType "team"]

1. e4 c6 2. d4 d5 3. e5 c5 4. dxc5 e6 5. a3 Bxc5 6. b4 Be7 7. Nf3 a5 8. b5 Nd7
9. Nbd2 Nh6 10. Bb2 f6 11. c4 Nxe5 12. Nxe5 fxe5 13. Bxe5 O-O 14. Bd3 Bc5 15.
O-O Qg5 16. Qe2 Ng4 17. Bg3 Bd7 18. Nf3 Qf6 19. h3 Nh6 20. Be5 Qe7 21. a4 Rae8
22. Rac1 b6 23. Kh2 Nf7 24. Bg3 e5 25. cxd5 e4 26. d6 Nxd6 27. Bc4+ Nxc4 28.
Qxc4+ Kh8 29. Ne5 Bf5 30. Rce1 Bd6 31. Nc6 Qc7 32. Re3 Bg6 33. Kg1 Bxg3 34. fxg3
Rxf1+ 35. Qxf1 Qd6 36. Kh2 Qc5 37. Qf4 h6 38. Qf2 Kh7 39. Qd2 Re6 40. Qe1 Rd6
41. Qe2 Rd3 42. Rxd3 exd3 43. Qd2 Qc2 44. Qe3 d2 45. Ne7 Qe4 46. Qxd2 Qxe7 47.
Qd4 Qf6 48. Qe3 Qd6 49. h4 Qc5 50. Qe6 Bf5 51. Qf7 Bc2 52. h5 Qf5 53. Qe8 Bd1
54. Qc6 Qxh5+ 55. Kg1 Qg6 56. Qc4 Bg4 57. Qd4 h5 58. Qe3 Qf6 59. Kh2 Qd6 60. Qg5
Qc5 61. Qd8 Bf5 62. Qg5 Bc2 63. Qf4 Bb3 64. Qe4+ Kg8 65. Qe8+ Kh7 66. Qe4+ Kh6
67. Qf4+ Kh7 68. Qe4+ 1/2-1/2

[Event "Online Olym Div4 E 2020"]
[Site "chess.com INT"]
[Date "2020.08.01"]
[Round "5.2"]
[Board "3"]
[White "James, Shemilah"]
[Black "Brown, Raehanna"]
[Result "0-1"]
[WhiteTitle "WCM"]
[BlackTitle "WCM"]
[WhiteElo "1613"]
[BlackElo "1594"]
[WhiteTeam "Trinidad & Tobago"]
[BlackTeam "Jamaica"]
[WhiteFideId "7702060"]
[BlackFideId "7402740"]
[EventDate "2020.07.31"]
[EventType "team"]

1. e4 c5 2. Nf3 Nc6 3. d4 cxd4 4. Nxd4 Nf6 5. Nc3 g6 6. Nxc6 bxc6 7. Be3 Bg7 8.
Bc4 O-O 9. O-O Nxe4 10. Nxe4 d5 11. c3 dxc4 12. Qf3 Be6 13. Ng5 Bd5 14. Qe2 h6
15. Nf3 Qc7 16. Rad1 Rfd8 17. Nd4 e5 18. Nf3 Rab8 19. Rfe1 e4 20. Nd2 Rxb2 21.
Qg4 Kh7 22. Bd4 Bxd4 23. cxd4 f5 24. Qg3 Qxg3 25. hxg3 Rxa2 26. Nf1 Rb8 27. Ne3
Rbb2 28. Rf1 a5 29. Rc1 Rd2 30. Rcd1 c3 31. Rb1 Rdb2 32. Rbc1 c2 33. Kh2 a4 34.
Rfe1 a3 35. g4 f4 36. Nxd5 cxd5 37. Re2 Kg7 38. g3 f3 39. Rd2 Kf7 40. Kh3 g5 41.
Kh2 Ke7 42. Kg1 Rb1 43. Rxc2 Rxc1+ 44. Rxc1 Rb2 45. Kf1 a2 46. Rc7+ Kd6 47. Rc1
Rb1 48. Rxb1 axb1=Q# 0-1

[Event "Online Olym Div4 E 2020"]
[Site "chess.com INT"]
[Date "2020.08.01"]
[Round "5.4"]
[Board "1"]
[White "Urbina, Ricardo"]
[Black "Van den Brink, Peter"]
[Result "1/2-1/2"]
[WhiteTitle "IM"]
[WhiteElo "2212"]
[BlackElo "2180"]
[WhiteTeam "Honduras"]
[BlackTeam "Aruba"]
[WhiteFideId "8400253"]
[BlackFideId "1002945"]
[EventDate "2020.07.31"]
[EventType "team"]

1. e4 c5 2. Nf3 g6 3. d4 cxd4 4. Nxd4 Nf6 5. Nc3 Nc6 6. Bc4 Bg7 7. Nxc6 dxc6 8.
Qxd8+ Kxd8 9. Bf4 Ke8 10. O-O-O Ng4 11. Bc7 Be6 12. Bxe6 fxe6 13. Bg3 Rd8 14. h3
Ne5 15. Rxd8+ Kxd8 16. Rd1+ Kc8 17. Ne2 Rd8 18. Rxd8+ Kxd8 19. Bxe5 Bxe5 20. c3
Kd7 21. Kc2 Kd6 22. Kd3 Bf6 23. Ng1 b5 24. Nf3 a6 25. b3 c5 26. c4 b4 27. Ng1
Bd4 28. Nf3 Bxf2 29. e5+ Kd7 30. Ng5 h5 31. Ke4 Bg3 32. Nh7 Ke8 33. Ng5 Kd7 34.
Nh7 Ke8 35. Ng5 Kd7 1/2-1/2

[Event "Online Olym Div4 E 2020"]
[Site "chess.com INT"]
[Date "2020.08.01"]
[Round "5.4"]
[Board "4"]
[White "Jacobs, Annelaine"]
[Black "Figueroa, Any"]
[Result "1/2-1/2"]
[WhiteTitle "WCM"]
[WhiteElo "1612"]
[BlackElo "1610"]
[WhiteTeam "Aruba"]
[BlackTeam "Honduras"]
[WhiteFideId "15900177"]
[BlackFideId "8402817"]
[EventDate "2020.07.31"]
[EventType "team"]

1. e4 d5 2. exd5 Qxd5 3. Nc3 Qd6 4. Nf3 Bg4 5. Be2 Nf6 6. d3 c6 7. h3 Bxf3 8.
Bxf3 Nbd7 9. O-O e6 10. Ne4 Nxe4 11. dxe4 Qxd1 12. Rxd1 Rd8 13. Be3 a6 14. Rd2
Ne5 15. Rxd8+ Kxd8 16. Rd1+ Kc8 17. Be2 Be7 18. Bd4 f6 19. Bxe5 fxe5 20. Bg4 Rd8
21. Rxd8+ Kxd8 22. Bxe6 Bc5 23. Kf1 a5 24. b3 h6 25. Ke2 Ke7 26. Bc8 b6 27. Bg4
Bd6 28. c4 c5 29. f3 Kf6 30. Kf2 g5 31. Kg3 Kg7 32. h4 Be7 33. h5 Kf6 34. Bf5
Bd6 35. Kf2 Bc7 1/2-1/2

[Event "Online Olym Div4 E 2020"]
[Site "chess.com INT"]
[Date "2020.08.01"]
[Round "6.3"]
[Board "1"]
[White "Alfaro, William"]
[Black "Urbina, Ricardo"]
[Result "1/2-1/2"]
[WhiteTitle "FM"]
[BlackTitle "IM"]
[WhiteElo "2135"]
[BlackElo "2212"]
[WhiteTeam "Nicaragua"]
[BlackTeam "Honduras"]
[WhiteFideId "6100457"]
[BlackFideId "8400253"]
[EventDate "2020.07.31"]
[EventType "team"]

1. d4 d5 2. Nf3 Nf6 3. c4 e6 4. Nc3 Be7 5. Bg5 h6 6. Bh4 O-O 7. e3 dxc4 8. Bxc4
a6 9. a4 c5 10. dxc5 Bxc5 11. Qxd8 Rxd8 12. Ne4 Bb4+ 13. Ke2 Be7 14. Nxf6+ gxf6
15. Rhd1 Bd7 16. Ne5 Be8 17. Ng4 Kg7 18. Rxd8 Bxd8 19. e4 Nc6 20. Rd1 Be7 21. e5
fxe5 22. Bxe7 Nxe7 23. Nxe5 Bxa4 24. Rd4 Be8 25. Rg4+ Kf8 26. Rf4 Kg7 27. Rg4+
Kf8 28. Rf4 Kg7 29. Rg4+ 1/2-1/2

[Event "Online Olym Div4 E 2020"]
[Site "chess.com INT"]
[Date "2020.08.01"]
[Round "6.3"]
[Board "2"]
[White "Chinchilla, Alejandro Jose"]
[Black "Ortiz, Marcos"]
[Result "1-0"]
[WhiteElo "2178"]
[BlackElo "2191"]
[WhiteTeam "Honduras"]
[BlackTeam "Nicaragua"]
[WhiteFideId "8401136"]
[BlackFideId "6100678"]
[EventDate "2020.07.31"]
[EventType "team"]

1. b3 e5 2. Bb2 Nc6 3. e3 d5 4. Bb5 Bd6 5. f4 f6 6. Qh5+ g6 7. Qh4 exf4 8. Nc3
Be6 9. Nf3 g5 10. Qf2 Ne7 11. exf4 O-O 12. O-O-O Bxf4 13. Ne2 Bd6 14. Nfd4 Bd7
15. Bxc6 bxc6 16. Ng3 Be5 17. Ndf5 Bxb2+ 18. Kxb2 Nxf5 19. Nxf5 Bxf5 20. Qxf5
Qc8 21. Qf3 a5 22. a4 Qe6 23. Rde1 Qd6 24. h4 Rae8 25. hxg5 fxg5 26. Qg4 Qf6+
27. Kb1 Re7 28. Rxe7 Qxe7 29. Rh5 Rf1+ 30. Ka2 Qg7 31. Qc8+ Rf8 32. Qe6+ Kh8 33.
Qxc6 Rf1 34. Qa8+ Rf8 35. Qxd5 Qg6 36. Qe5+ Rf6 37. Kb2 h6 38. Rh3 Kg8 39. Rd3
Rd6 40. Rxd6 cxd6 41. Qxa5 h5 42. Qd5+ Kh7 43. a5 h4 44. a6 g4 45. Qb7+ Kh6 46.
a7 Qf6+ 47. Ka2 1-0

[Event "Online Olym Div4 E 2020"]
[Site "chess.com INT"]
[Date "2020.08.01"]
[Round "6.3"]
[Board "5"]
[White "Espinoza Solano, Jose Nahum"]
[Black "Miller, Marlon"]
[Result "1/2-1/2"]
[BlackTitle "FM"]
[WhiteElo "2098"]
[BlackElo "2092"]
[WhiteTeam "Nicaragua"]
[BlackTeam "Honduras"]
[WhiteFideId "6104428"]
[BlackFideId "8400555"]
[EventDate "2020.07.31"]
[EventType "team"]

1. e4 e6 2. d3 c5 3. Nf3 Nc6 4. g3 g6 5. Bg2 Bg7 6. O-O Nge7 7. Nbd2 O-O 8. Re1
d6 9. h4 Rb8 10. Nf1 b5 11. h5 a5 12. hxg6 hxg6 13. Ne3 d5 14. Qe2 dxe4 15. dxe4
Nd4 16. Nxd4 cxd4 17. Ng4 e5 18. f4 Bxg4 19. Qxg4 Qc8 20. Qxc8 Rfxc8 21. Re2 Rc5
22. Bh3 Rd8 23. Kf2 Nc6 24. a3 d3 25. cxd3 Rxd3 26. Be3 Nd4 27. Bxd4 Rxd4 28. f5
Rcc4 29. fxg6 Rxe4 30. gxf7+ Kxf7 31. Rxe4 Rxe4 32. Rd1 Rc4 33. Rd7+ Kf6 34. Ke2
e4 35. Rd5 Rc2+ 36. Rd2 Rxd2+ 37. Kxd2 Ke5 38. b3 Bh6+ 39. Ke2 Kd4 40. a4 b4 41.
Be6 1/2-1/2

[Event "Online Olym Div4 E 2020"]
[Site "chess.com INT"]
[Date "2020.08.01"]
[Round "6.4"]
[Board "6"]
[White "Shariff, Sasha Christina"]
[Black "Miller, Rachel"]
[Result "0-1"]
[BlackTitle "CM"]
[WhiteElo "1195"]
[BlackElo "2004"]
[WhiteTeam "Guyana"]
[BlackTeam "Jamaica"]
[WhiteFideId "19700687"]
[BlackFideId "7401302"]
[EventDate "2020.07.31"]
[EventType "team"]

1. e4 e5 2. Nf3 Nc6 3. Nc3 Nf6 4. d4 exd4 5. Nxd4 Bb4 6. f3 h6 7. Ne2 O-O 8. Be3
Re8 9. a3 Ba5 10. b4 Bb6 11. Bxb6 axb6 12. b5 Ne5 13. Nd4 d5 14. Be2 dxe4 15.
fxe4 Nfg4 16. Qd2 Qh4+ 17. g3 Qe7 18. a4 Nf6 19. Qe3 Neg4 20. Bxg4 Bxg4 21. e5
Qxe5 22. Qxe5 Rxe5+ 23. Kd2 Rd8 0-1

[Event "Online Olym Div4 E 2020"]
[Site "chess.com INT"]
[Date "2020.08.02"]
[Round "9.2"]
[Board "1"]
[White "Urbina, Ricardo"]
[Black "Ramoutar, Alan-Safar"]
[Result "1/2-1/2"]
[WhiteTitle "IM"]
[BlackTitle "IM"]
[WhiteElo "2212"]
[BlackElo "2305"]
[WhiteTeam "Honduras"]
[BlackTeam "Trinidad & Tobago"]
[WhiteFideId "8400253"]
[BlackFideId "7704224"]
[EventDate "2020.07.31"]
[EventType "team"]

1. e4 c5 2. Nf3 Nc6 3. d4 cxd4 4. Nxd4 Nf6 5. Nc3 d6 6. Bc4 Qb6 7. Nxc6 bxc6 8.
Bb3 g6 9. Be3 Qc7 10. h3 Bg7 11. O-O O-O 12. Qd2 a5 13. Bh6 a4 14. Bxg7 Kxg7 15.
Nxa4 Nxe4 16. Qd4+ Nf6 17. Nb6 Qa7 18. Rad1 c5 19. Nxc8 Raxc8 20. Qe3 Qb7 21. c4 1/2-1/2

[Event "Online Olym Div4 E 2020"]
[Site "chess.com INT"]
[Date "2020.08.02"]
[Round "9.5"]
[Board "1"]
[White "Van den Brink, Peter"]
[Black "Alfaro, William"]
[Result "1/2-1/2"]
[BlackTitle "FM"]
[WhiteElo "2180"]
[BlackElo "2135"]
[WhiteTeam "Aruba"]
[BlackTeam "Nicaragua"]
[WhiteFideId "1002945"]
[BlackFideId "6100457"]
[EventDate "2020.07.31"]
[EventType "team"]

1. c4 Nf6 2. g3 g6 3. Bg2 Bg7 4. Nc3 O-O 5. e4 d6 6. Nge2 c5 7. O-O Nc6 8. h3 a6
9. a4 Rb8 10. d3 Bd7 11. Be3 Ne8 12. f4 b5 13. axb5 axb5 14. Nxb5 Nc7 15. Nec3
Nxb5 16. Nxb5 Bxb2 17. Rb1 Bg7 18. f5 Nd4 19. Nxd4 cxd4 20. Rxb8 Qxb8 21. Bg5
Qd8 1/2-1/2